000
00289nam a2200097Ia 4500
001
1121995
005
20250827004654.0
008
250824s9999 xx 000 0 und d
245
0
_a
TİMURLULAR ZAMANINDA HİNDİSTAN TÜRK İMPARATORLUĞU
_c
ÖMER HALİS BIYIKTAY
260
_b
PANAMA YAYINLARI
999
_c
1121995
_d
1121995